000 00557nam a2200181Ia 4500
008 090124s9999 xx 000 0 und d
082 _b39960
100 _aसोनार वा रा.
245 _a भेटीलागी दरवळ
250 _a0
260 _bदिलीप प्रकाशन
_c2002
300 _a158
600 _aसोनार वा रा.
630 _a भेटीलागी दरवळ
700 _aसोनार वा रा.
730 _a भेटीलागी दरवळ
942 _cBOOK
999 _c102314
_d102314